00000000nam##2200000za#4500
0019.615818
003CaOODSP
00520210615101315
007ta
008150406|2001||||xxc|||||     f|0| 0 eng|d
020 |a0-662-31232-5
040 |aCaOODSP|beng
043 |an-cn---
0861 |aH113-11/2001-1E
1101 |aCanada. |bPest Management Regulatory Agency.
24510|aStatus of NAFTA Joint Reviews (JR) of Conventional Pesticides - U.S. EPA, Canada PMRA and Mexico CICOPLAFEST
260 |aOttawa - Ontario : |bHealth Canada. |c2001.
300 |a6p. ; |c28 cm.
4901 |aNAFTA joint review series |vNAFTA-JR 2001-01
563 |aSoftcover
590 |a01-50|b2001-12-14
69007|aPesticides|2gcpds
69007|aFree trade|2gcpds
77508|tÉtat des examens conjoints de l'ALENA (EC) destinés aux pesticides ordinaires EPA (États-Unis), ARLA (Canada) et CICOPLAFEST (Mexique) |w(CaOODSP)9.625833
7760#|tStatus of NAFTA joint reviews (JR) of conventional pesticides - U.S. EPA, Canada PMRA, and Mexico CICOPLAFEST |w(CaOODSP)9.557995
830#0|aNAFTA joint review series ;|vNAFTA-JR 2001-01|w(CaOODSP)9.514692